000 00593nam a22001817a 4500
999 _c190435
_d190435
005 20220726112208.0
010 _aENG-133938
020 _a9788186346327
_c250.00
035 _aEN-117470
037 _bDBAD/PUB
082 _a954.36
245 _aMemories of Andaman & Nicobar Islands/
_cEd. by M. Ahmad Mujtaba
260 _aKolkata
_bInsha Publications
_c2013
270 _bKolkata
_a25-B, Zakaria Street
_e700073
_k(033) 2235-4616
_mInshapublications@yahoo.co.in
300 _a464p.
_c21cm(hb)
_bReferences
700 _aMujtaba, M. Ahmad
942 _2ddc
_cEN
_mMEM
_h954.36